Le bassin du rhone au quaternaire: Geologie et Prehistoire

I tiakina i:
Ngā taipitopito rārangi puna kōrero
Kaituhi matua: Bourdier, Franck
Hōputu: Pukapuka
Reo:Wīwī
I whakaputaina: París, Francia Centre National de la Recherche Scientifique 1962
Ngā marau:
Ngā Tūtohu: Tāpirihia he Tūtohu
Kāore He Tūtohu, Me noho koe te mea tuatahi ki te tūtohu i tēnei pūkete!

MARC

LEADER 00000nam a2200000 a 4500
001 UCU3586
003 CL-VaPUC
005 20231102151811.0
008 960510e19620000FR |||||||||||||||||fre|d
999 |c 247539  |d 247537 
040 |c Pontificia Universidad Católica de Valparaíso 
082 0 4 |a 551.7 BOU 1962  |2 21 
100 0 |a Bourdier, Franck  |9 360608 
245 1 3 |a Le bassin du rhone au quaternaire: Geologie et Prehistoire 
260 0 3 |a París, Francia  |b Centre National de la Recherche Scientifique  |c 1962 
300 |a 292 páginas 
505 |a v.1: textes. v.2: figures, bibliographie, index. 
583 |a last modification  |c 19960510 00:00:00  |k Rodrigo Vera 
650 0 |a Geología   |9 260984 
650 7 |a PERIODOS GEOLOGICOS  |2 CL-VaPUC  |9 360609 
650 0 |a Paleontología  |9 314794 
650 7 |a ERA CUATERNARIA  |2 CL-VaPUC  |9 360610 
650 0 |a Prehistoria  |9 316557 
942 |c BK  |2 ddc 
945 |d 19960510 00:00:00  |a cmena 
952 |0 0  |1 0  |2 ddc  |4 0  |6 551_700000000000000_BOU_1962  |7 0  |8 A  |9 263528  |a BIBING  |b BIBING  |d 2019-11-19  |h v.1  |i 1650262  |o 551.7 BOU 1962  |p 1650262  |r 2025-01-20  |t 1  |w 2019-11-19  |y BK  |k GEO 
952 |0 0  |1 0  |2 ddc  |4 0  |6 551_700000000000000_BOU_1962  |7 0  |8 A  |9 263529  |a BIBING  |b BIBING  |d 2019-11-19  |h v.2  |i 1650270  |o 551.7 BOU 1962  |p 1650270  |r 2025-01-20  |t 1  |w 2019-11-19  |y BK  |k GEO